000 00842cam a2200277 4500
001 28910
003 BD-RjUL
005 20211209051340.0
008 140401s19691965nyu b 001 0 eng d
035 _a(BD-RjUL)28994
040 _aDLC
_cDLC
_dBD-RjUL
_beng
041 _aeng
082 0 0 _a616.8908
_bBEH 1969
245 1 0 _aBehavior disorders : perspectives and trends /
_cedited by Ohmer Milton and Robert G. Wahler.
250 _a2d ed.
260 _aNew York :
_bLippincott,
_cc1969.
300 _aviii, 333 p.
_c24 cm.
490 0 _aThe Lippincott college psychology series
504 _aIncludes bibliographies and index.
650 0 _aPsychiatry.
_988379
700 1 _aWahler, Robert G.,
_d1936-
_ejoint comp.
_988380
700 1 _aOhmer Milton
_988381
942 _2ddc
_cBK
999 _c28910
_d28910